Cartoon Characters Quiz! #8 - Statistics

General Stats
  • This quiz has been taken 88 times
  • The average score is 12 of 16
Answer Stats
Picture Answer % Correct
Buzz
97%
Winnie The Pooh
96%
Woody
96%
Dora
94%
Pink Panther
91%
Tigger
88%
Casper
87%
Tinkerbell
85%
Roadrunner
82%
Piglet
79%
Remy
76%
Sully
72%
Eeyore
63%
Johnny Bravo
61%
Wil E Coyote
43%
Doreamon
18%
No matching quizzes found
Score Distribution
Percent of People with Each Score
Percentile by Number Answered
Your Score History
You have not taken this quiz